000 01166nam a2200337 a 4500
003 CHAP
005 20251215091626.0
008 101116s2006 mx 00010 spa d
010 _a99808
011 _a100780
020 _a9684965907
035 _a111466
040 _cCHAP
090 _aCD - 220
245 0 0 _aNoticias de la huasteca [Disco compacto]:
_b61 artículos y más de 500 notas periodísticas
_c/coordinado por Jesús Ruvalcaba Mercado
260 _aMéxico, D.F. :
_bCentro de Investigación y Estudios Superiores en Antropologá Social,
_c2006
300 _a1 disco compacto ;
_c4 3/4 plgs.
400 0 0 _aHuasteca
_v3
400 0 0 _aHuasteca
_v3
590 _aBATCH-UPD
_b10
_c20130110
_lUCH01
_h1437
590 _aBATCH-UPD
_b10
_c20130410
_lUCH01
_h0911
590 _aBATCH-UPD
_b10
_c20130914
_lUCH01
_h1625
590 _aCONVERSION
_b10
_c20130109
_lUCH01
_h1355
650 0 4 _aHuastecas
_xBibliografía.
_956588
650 0 4 _aHuastecas
_xInvestigación y estudio.
_956593
700 1 _aRuvalcaba Mercado, Jesús
_ecoord.
_9101009
901 _aBK
911 _aen proceso
942 _cCD
949 _aCD-220
_bBC
_cCD
_d33724002222256
_eCD
_i111466
_sb
999 _c99808
_d99808